Nagotiated development and open space preservation
| Main Author: | |
|---|---|
| Other Authors: | |
| Format: | Book |
| Published: |
Massachusetts :
Lincoln Institute of Land Policy ,
1984
|
| Subjects: |
MARC
| LEADER | 00000cam a2200000 7i4500 | ||
|---|---|---|---|
| 001 | 0000002313 | ||
| 005 | 20050427.0 | ||
| 040 | |a INS | ||
| 090 | 0 | 0 | |a HC79. |b B1671 1984 |
| 100 | 1 | |a Baker, R. Lisle | |
| 245 | 1 | 0 | |a Nagotiated development and open space preservation |c R. Lisle Baker |
| 260 | |a Massachusetts : |b Lincoln Institute of Land Policy , |c 1984 | ||
| 300 | |a 62 p ; |c 28 cm. | ||
| 650 | 0 | 0 | |a Land use |x planning |
| 650 | 0 | 0 | |a Open spaces |
| 700 | 1 | |a Wolfe, Norman H. | |
| 999 | |a 0000003875 |b BOOK |c Open Shelf |e Default branch | ||